000 00768nam a2200229 a 4500
001 000025971
005 20200930024208.0
008 110224s1963 sp r 000 0 spa d
040 _aDO-SdBNP
_bspa
_cBNPHU
041 1 7 _aspa
_heng
_2Código de idioma MARC
082 _aNNNN
_bC147u
100 1 _aCaldwell, Erskine,
_d1903-1987
_952865
240 1 0 _aA lamp for nightfall.
_lEspañol.
245 1 0 _aUna luz para el anochecer /
_cErskine Caldwell ; versión española de M. L. Martínez Alinari.
260 _aBarcelona :
_bLuis de Caralt,
_c1963.
300 _a202, [2] p. ;
_c20 cm.
490 1 _aGigante
534 _aTítulo original:
_tA lamp for nightfall.
700 1 _aMartínez Alinari, María Luisa
_etr.
_948552
830 0 _aGigante
_94165
049 _aBNGR
999 _c25463
_d25463